駅名に「山」を含む駅 - Statistics

General Stats
  • This quiz has been taken 223 times
  • The average score is 134 of 450
Answer Stats
Hint Answer % Correct
八王子市 | 吹田市 | 郡上市 山田
85%
山形市 山形
83%
指宿市 | 板橋区 大山
83%
山口市 | 瀬戸市 山口
83%
小山市 小山
79%
大阪狭山市 狭山
78%
山口市 新山口
78%
富山市 富山
77%
大和郡山市 | 郡山市 郡山
76%
京都市 | 生駒市 東山
75%
松山市 | 糸田町 松山
75%
いの町 | 京都市 | 仙台市 | 真岡市 北山
73%
流山市 流山
73%
八雲町 | 大山崎町 | 稲沢市 山崎
72%
高山市 高山
70%
世田谷区 | 山元町 | 川西市 山下
69%
東村山市 東村山
68%
山北町 山北
68%
立山町 立山
68%
山梨市 山梨市
68%
飯山市 飯山
68%
唐津市 | 宝塚市 山本
68%
岡山市 岡山
68%
亀山市 | 姫路市 亀山
67%
津山市 津山
67%
狭山市 狭山市
66%
流山市 南流山
66%
流山市 流山おおたかの森
66%
いの町 | 横浜市 中山
66%
犬山市 犬山
66%
和歌山市 和歌山
66%
東松山市 東松山
64%
北九州市 | 柏崎市 西山
64%
大山崎町 大山崎
64%
松山市 松山市
64%
山形市 北山形
63%
村山市 | 須坂市 村山
62%
名古屋市 | 守山市 守山
62%
那須烏山市 烏山
61%
福知山市 福知山
61%
福山市 福山
61%
館山市 館山
60%
横浜市 山手
60%
京都市 嵐山
60%
和歌山市 和歌山市
60%
芝山町 芝山千代田
58%
富士吉田市 富士山
58%
大津市 石山
58%
半田市 | 新潟市 | 盛岡市 青山
56%
勝山市 勝山
56%
大阪狭山市 大阪狭山市
54%
八王子市 高尾山口
53%
富山市 南富山
53%
名古屋市 | 福岡市 金山
52%
基山町 基山
52%
指宿市 山川
52%
京丹波町 | 安芸市 下山
51%
嵐山町 武蔵嵐山
50%
四日市市 山城
50%
京都市 山科
49%
岡山市 東岡山
49%
三木町 | 文京区 | 新潟市 白山
48%
富山市 西富山
48%
犬山市 犬山遊園
48%
京都市 嵯峨嵐山
48%
丹波篠山市 篠山口
48%
九度山町 九度山
48%
栗山町 栗山
47%
狭山市 新狭山
47%
港区 青山一丁目
46%
津山市 東津山
46%
富山市 東富山
45%
米子市 伯耆大山
45%
山梨市 東山梨
43%
和歌山市 和歌山港
43%
君津市 平山
42%
渋谷区 代官山
42%
高野町 高野山
42%
長岡京市 西山天王山
41%
所沢市 下山口
40%
流山市 流山セントラルパーク
40%
伊勢市 宇治山田
40%
大津市 石山寺
40%
和歌山市 和歌山大学前
40%
富山市 富山駅
39%
名古屋市 | 米子市 東山公園
39%
福山市 東福山
39%
大田区 大岡山
38%
杉並区 八幡山
38%
多摩市 京王永山
38%
小山町 駿河小山
38%
三豊市 | 佐世保市 | 名古屋市 本山
38%
大津市 比叡山坂本
38%
奈良市 平城山
38%
旭川市 永山
37%
品川区 武蔵小山
37%
逗子市 逗子・葉山
37%
山北町 東山北
37%
富山市 電鉄富山
37%
甲州市 塩山
37%
山形市 山寺
36%
多摩市 小田急永山
36%
名古屋市 | 永平寺町 山王
36%
周南市 徳山
36%
所沢市 狭山ヶ丘
35%
大和郡山市 近鉄郡山
35%
杉並区 浜田山
34%
小田原市 栢山
34%
犬山市 犬山口
34%
山田町 陸中山田
33%
寒川町 宮山
33%
津市 東青山
33%
伊賀市 西青山
33%
大津市 京阪石山
33%
大津市 坂本比叡山口
33%
京田辺市 松井山手
33%
指宿市 西大山
33%
かほく市 | 三田市 横山
32%
名古屋市 新守山
32%
伊賀市 青山町
32%
宝塚市 中山寺
32%
船橋市 下総中山
31%
世田谷区 千歳烏山
31%
松山市 松山駅前
31%
郡山市 郡山富田
30%
船橋市 東中山
30%
松戸市 | 高松市 元山
30%
日野市 平山城址公園
30%
横浜市 | 神戸市 大倉山
30%
長野市 稲荷山
30%
船橋市 京成中山
29%
船橋市 原木中山
29%
北区 飛鳥山
29%
恵那市 山岡
29%
綾部市 山家
29%
吹田市 千里山
29%
大山町 大山口
29%
山口市 上山口
29%
品川区 西小山
28%
杉並区 久我山
28%
横浜市 | 玖珠町 北山田
28%
南足柄市 大雄山
28%
名古屋市 | 東大阪市 瓢箪山
28%
京都市 京阪山科
28%
精華町 山田川
28%
神戸市 花山
28%
松山市 松山市駅前
28%
諫早市 森山
28%
川崎市 津田山
27%
京都市 桃山
27%
京田辺市 三山木
27%
八尾市 河内山本
27%
神戸市 甲南山手
27%
岡山市 岡山駅前
27%
津山市 津山口
27%
京田辺市 JR三山木
27%
足利市 山前
26%
船橋市 飯山満
26%
君津市 上総亀山
26%
阿賀野市 神山
26%
富山市 富山大学前
26%
京都市 桃山御陵前
26%
井手町 山城多賀
26%
阪南市 山中渓
26%
宝塚市 中山観音
26%
生駒市 生駒山上
26%
矢祭町 矢祭山
25%
大田区 御嶽山
25%
新潟市 黒山
25%
富山市 新富山口
25%
名古屋市 守山自衛隊前
25%
朝来市 和田山
25%
鹿児島市 谷山
25%
八幡平市 田山
24%
仙台市 八木山動物公園
24%
狭山市 稲荷山公園
24%
鎌ケ谷市 くぬぎ山
24%
世田谷区 尾山台
24%
横浜市 東山田
24%
富山市 南富山駅前
24%
飯山市 北飯山
24%
南牧村 野辺山
24%
豊川市 長山
24%
八尾市 信貴山口
24%
和泉市 信太山
24%
姫路市 山陽姫路
24%
広島市 あき亀山
24%
八雲町 山越
23%
盛岡市 山岸
23%
鹿沼市 樅山
23%
松戸市 秋山
23%
中央区 馬喰横山
23%
黒部市 内山
23%
福井市 美山
23%
若狭町 気山
23%
伊豆の国市 韮山
23%
京都市 伏見桃山
23%
京都市 八瀬比叡山口
23%
城陽市 山城青谷
23%
枚方市 御殿山
23%
播磨町 土山
23%
香美町 柴山
23%
香芝市 二上山
23%
日南町 生山
23%
赤磐市 熊山
23%
福岡市 茶山
23%
仁木町 銀山
22%
由仁町 古山
22%
伊奈町 | 伊賀市 | 神戸市 丸山
22%
千代田区 溜池山王
22%
上越市 春日山
22%
黒部市 浦山
22%
韮崎市 穴山
22%
名古屋市 | 大洲市 喜多山
22%
明石市 山陽明石
22%
喜多方市 山都
21%
高崎市 山名
21%
名古屋市 覚王山
21%
岩倉市 大山寺
21%
姫路市 山陽網干
21%
東村山市 萩山
20%
名古屋市 桜山
20%
菰野町 湯の山温泉
20%
神戸市 摂津本山
20%
三郷町 信貴山下
20%
鳥取市 湖山
20%
新見市 岩山
20%
松山市 山西
20%
七飯町 仁山
19%
山辺町 羽前山辺
19%
富山市 電鉄富山駅・エスタ前
19%
豊橋市 杉山
19%
大阪市 帝塚山
19%
神戸市 山陽須磨
19%
神戸市 山陽垂水
19%
真庭市 中国勝山
19%
七飯町 大中山
18%
花巻市 小山田
18%
那須烏山市 鴻野山
18%
秩父市 浦山口
18%
妙高市 関山
18%
京都市 トロッコ嵐山
18%
京都市 | 庄原市 山ノ内
18%
堺市 浅香山
18%
八尾市 高安山
18%
神戸市 山の街
18%
神戸市 月見山
18%
橿原市 香久山
18%
智頭町 恋山形
18%
庄原市 道後山
18%
有田町 山谷
18%
旭川市 北永山
17%
旭川市 南永山
17%
仙台市 青葉山
17%
多賀城市 陸前山王
17%
大崎市 松山町
17%
山形市 楯山
17%
鋸南町 安房勝山
17%
名古屋市 相生山
17%
志摩市 志摩横山
17%
京都市 桃山南口
17%
神戸市 山陽塩屋
17%
大和高田市 築山
17%
庄原市 比婆山
17%
香美市 土佐山田
17%
那覇市 奥武山公園
17%
札幌市 円山公園
16%
一関市 山ノ目
16%
北秋田市 前山
16%
南会津町 会津山村道場
16%
新潟市 越後石山
16%
下呂市 飛騨金山
16%
京都市 茶山・京都芸術大学
16%
福知山市 福知山市民病院口
16%
吹田市 桃山台
16%
富山市 トヨタモビリティ富山 Gスクエア五福前(五福末広町)
16%
常陸大宮市 山方宿
15%
長岡市 塚山
15%
津市 高田本山
15%
四日市市 海山道
15%
京丹後市 峰山
15%
大山町 中山口
15%
宮古市 山口団地
14%
鎌倉市 片瀬山
14%
八幡市 ケーブル八幡宮山上
14%
杵築市 中山香
14%
大崎市 岩出山
13%
山形市 面白山高原
13%
上山市 羽前中山
13%
足利市 野州山辺
13%
桐生市 富士山下
13%
柏崎市 米山
13%
鯖江市 西山公園
13%
飯田市 下山村
13%
高森町 山吹
13%
美濃市 梅山
13%
海津市 美濃松山
13%
島田市 家山
13%
岡崎市 名電山中
13%
春日井市 牛山
13%
鈴鹿市 磯山
13%
京丹後市 かぶと山
13%
大阪市 帝塚山三丁目
13%
明石市 山陽魚住
13%
川西市 滝山
13%
生駒市 宝山寺
13%
平群町 元山上口
13%
和歌山市 山東
13%
橋本市 紀伊山田
13%
紀の川市 西山口
13%
岡山市 牧山
13%
玉野市 常山
13%
吉野川市 山瀬
13%
西条市 石鎚山
13%
筑紫野市 天拝山
13%
都城市 山之口
13%
札幌市 山鼻9条
12%
石巻市 陸前山下
12%
大崎市 中山平温泉
12%
松島町 陸前富山
12%
箱根町 早雲山
12%
新城市 茶臼山
12%
大紀町 大内山
12%
福知山市 大江山口内宮
12%
大阪市 帝塚山四丁目
12%
高砂市 山陽曽根
12%
丹波篠山市 丹波大山
12%
出雲市 浜山公園北口
12%
高梁市 木野山
12%
岩国市 河山
12%
吉野川市 阿波山川
12%
福岡市 下山門
12%
深浦町 白神岳登山口
11%
花巻市 晴山
11%
郡山市 中山宿
11%
南会津町 七ヶ岳登山口
11%
高崎市 西山名
11%
大野市 越前下山
11%
川根本町 駿河徳山
11%
伊勢市 山田上口
11%
姫路市 山陽天満
11%
小野市 樫山
11%
高取町 壺阪山
11%
和歌山市 竈山
11%
智頭町 山郷
11%
津和野町 青野山
11%
山口市 周防佐山
11%
山陽小野田市 長門本山
11%
伊予市 伊予中山
11%
一戸町 奥中山高原
10%
黒部市 舌山
10%
貝塚市 三ヶ山口
10%
岡山市 東山・おかでんミュージアム駅
10%
香美市 山田西町
10%
糸島市 一貴山
10%
篠栗町 筑前山手
10%
みやこ町 崎山
10%
札幌市 山鼻19条
9%
石巻市 佳景山
9%
鶴岡市 羽前大山
9%
ひたちなか市 殿山
9%
市原市 上総山田
9%
富山市 オークスカナルパークホテル富山前
9%
南砺市 越中山田
9%
立山町 沢中山
9%
富士市 入山瀬
9%
名古屋市 左京山
9%
山口市 船平山
9%
北九州市 安部山公園
9%
筑紫野市 筑前山家
9%
札幌市 西線9条旭山公園通
8%
弘前市 小栗山
8%
深浦町 ウェスパ椿山
8%
山形市 漆山
8%
郡山市 磐城守山
8%
宇都宮市 飛山城跡
8%
桐生市 丸山下
8%
藤沢市 目白山下
8%
福井市 足羽山公園口
8%
郡上市 白山長滝
8%
海津市 美濃山崎
8%
川根本町 川根小山
8%
御浜町 神志山
8%
広島市 銀山町
8%
広島市 比治山下
8%
廿日市市 山陽女学園前
8%
美波町 山河内
8%
高松市 仏生山
8%
松山市 衣山
8%
北九州市 徳力嵐山口
8%
霧島市 表木山
8%
札幌市 石山通
7%
おいらせ町 向山
7%
岡山市 西大寺町・岡山芸術創造劇場ハレノワ前
7%
津山市 佐良山
7%
広島市 白木山
7%
松山市 港山
7%
松山市 西衣山
7%
松山市 勝山町
7%
霧島市 日当山
7%
富山市 龍谷富山高校前(永楽町)
6%
広島市 比治山橋
6%
宮崎市 曽山寺
6%
佐世保市 山の田
5%
由布市 天神山
5%
筑前町 山隈
4%
伊万里市 東山代
4%
熊本市 段山町
3%
熊本市 蔚山町
3%
No matching quizzes found
Score Distribution
Percent of People with Each Score
Percentile by Number Answered
Your Score History
You have not taken this quiz